| 000 | 00793nam a22002897a 4500 | ||
|---|---|---|---|
| 003 | TR-AnTOB | ||
| 005 | 20240509135315.0 | ||
| 008 | 240509b tu ||||| |||| 00| 0 tur d | ||
| 020 | _a9786051883977 | ||
| 040 |
_aTR-AnTOB _beng _cTR-AnTOB _erda |
||
| 041 |
_atur _beng |
||
| 092 |
_a920.71 _bOLD 2022 |
||
| 100 | 1 | _aOldfield, Tom | |
| 245 | 1 | 0 | _aBenim Adım Salah |
| 250 | _a3. bs. | ||
| 260 |
_aİstanbul: _bBeyaz Balina Yayınları; _c2022. |
||
| 300 |
_a[215] Pages: _bill., _c22 cm. |
||
| 336 |
_2rdacontent _atext _btxt |
||
| 337 |
_2rdamedia _aunmediated _bn |
||
| 338 |
_2rdacarrier _avolume _bnc |
||
| 500 | _aOyuncu Muhammed Salah'ın hayatı | ||
| 650 | 0 | _aBiyodrafi | |
| 653 | _abiyografi | ||
| 942 |
_2ddc _cBK |
||
| 999 |
_c200460028 _d78240 |
||